00622cam a22002053a 45000010005000000030006000050050017000110080041000280400015000690420007000840500007000911000031000982450080001292600029002095060030002385160020002686530059002888300028003478560041003757077PGUSA20140828083140.0041201s2004||||xxu|||||s|||||000 1 eng d aPGUSAbeng adc 4aPS1 aHughes, Rupert,d1872-195610aWe Can't Have Everything :bA Novelh[electronic resource] /cRupert Hughes bProject Gutenberg,c2004 aPublic domain in the USA. aElectronic text aNew York (State) -- Social life and customs -- Fiction 0aProject Gutenbergv707740uhttp://www.gutenberg.org/ebooks/7077